Missing Word: TV Shows with 'D' Quiz Stats

Quiz Updated Feb 21, 2016

Challenge
Share
Tweet
Embed
Score 0/20 Timer 02:00
0 Plays Today
Television Show Answer % Correct
Wanted: ____ or AliveDead
97%
_____ Forget Your ToothbrushDon't
94.8%
_________ HousewivesDesperate
93.8%
____ of Our LivesDays
93%
Bored to _____Death
92.5%
________ CreekDawson's
90.4%
The Nancy ____ MysteriesDrew
90.1%
____ or No ____Deal
84.4%
__________ StrokesDiff'rent
83.7%
Howdy _____Doody
82.7%
Television Show Answer % Correct
______ Howser, M.D.Doogie
82.1%
Pushing _______Daisies
79.7%
Courage the Cowardly ___Dog
77.2%
______, Drive-Ins and DivesDiners
71.3%
Eastbound and ____Down
70%
Tic-Tac-_____Dough
59.1%
American ___Dad
56.8%
The Suite Life on ____Deck
44.8%
Father _______ MysteriesDowling
43.1%
Judd, for the _______Defense
33.9%

Today's Daily Dose

Quick Pick
Overwatch Maps

On This Day
May 26th II

You're not logged in!

Compare scores with friends on all Sporcle quizzes.
Join for Free
OR
Log In

You Might Also Like...

Show Comments

Extras

Top Quizzes Today


Score Distribution

Your Account Isn't Verified!

In order to create a playlist on Sporcle, you need to verify the email address you used during registration. Go to your Sporcle Settings to finish the process.

Report this User

Report this user for behavior that violates our Community Guidelines.

Details: